000 00478nam a2200193Ia 4500
003 GCL
008 140319s9999 xx 000 0 eng d
040 _aGCL /
_cGCL
082 0 4 _a658.562
_bH S
100 1 _aHUXTABLE, NEIL
245 1 0 _aSMALL BUSINESS TOTAL QUALITY /
_cHUXTABLE, NEIL
260 _a[S.N] :
_bCHAPMAN & HALL ،
_c1995
300 _a216 P
650 0 4 _aTOTAL QUALITY
650 0 4 _aCONTROL
650 0 4 _aQUALITY
650 0 4 _aMANAGEMENT
942 _2ddc
_cBK
999 _c24165
_d24165